000 00416nam a2200157Ia 4500
008 210210b0 xxu||||| |||| 00| 0 eng d
020 _a81 229 0200 6
082 _a384.55 BOOD
100 _aBOOK (Constance Ledoux).
245 _aDigital television: dtv and the consumer.
260 _aN D
_bSurjeet publications
_c0
300 _a286
650 _aDigital Television
690 _aCommunication
906 _a060540
999 _c107222
_d107222